000 01367nam a2200313 a 4500
001 BRCA_8591
005 20190320210335.0
008 220816s1570----it-#######---#000-0#lat-#
041 _alat
044 _ait
050 4 _aQC851
_b.A78
_c1570
100 1 _aAqvinatis, D. Thomae
_921492
245 1 0 _aD. thomae aqvinatis doctoris angelici complectens expositionem in quatour libros meteororum dicuntur aristotelis
_cD. Thomae Aqvinatis.
260 _aRomae
_bApud haeredes Antonii Bladii & Ioannem Osmarinum Liliorum socios
_c1570
300 _aT.III, (con varias paginaciones)
_c35 cm
500 _aFondo antiguo
500 _aSe encuentra en Caja Fuerte
500 _aLM-59
500 _aGrabado en portada
500 _aUso de letras capitulares, viñetas al final de los capítulos
500 _aMarca de fuego en el canto superior e inferior no identificada
500 _aNota de encuadernación: en piel pergamino, desprendida del lomo
505 0 _aContiene: In quator libros meteorum.-- in tres libros de anima et.-- in cos, qui patua naturalia dicuntur, aristotelis
506 0 _aFondo reservado: para su consulta es necesario credencial de usuario y carta de motivos
650 1 4 _aAristóteles
_eMeteorológicos
_vCrítica textual
_921493
650 1 4 _aAristóteles
_eSobre el alma
_vCrítica textual
_921493
902 _aLAR
942 _2lcc
_cB
999 _c8254
_d8254